Boosting all children's social and emotional brain power : (Record no. 137556)

MARC details
000 -LEADER
fixed length control field 00689nam a22001937a 4500
005 - DATE AND TIME OF LATEST TRANSACTION
control field 20170314101336.0
010 ## - LCCN (DPL NO)
LC control number ENG-117227
020 ## - INTERNATIONAL STANDARD BOOK NUMBER
International Standard Book Number 9789386062260
Terms of availability 795.00
035 ## - SYSTEM CONTROL NUMBER
System control number EN-100759
037 ## - SOURCE OF ACQUISITION
Source of stock number/acquisition DBAD/PUB
082 00 - DEWEY DECIMAL CLASSIFICATION NUMBER
Classification number 372.374
100 ## - MAIN ENTRY--PERSONAL NAME
Personal name Beaudoin,Marie-Nathalie
245 ## - TITLE STATEMENT
Title Boosting all children's social and emotional brain power :
Statement of responsibility, etc by Marie-Nathalie Beaudoin
Remainder of title life transforming activities /
260 ## - PUBLICATION, DISTRIBUTION, ETC. (IMPRINT)
Place of publication, distribution, etc New Delhi
Name of publisher, distributor, etc SAGE Publications
Date of publication, distribution, etc 2017
270 ## - ADDRESS
Address B1/I-1 Mohan Cooperative Industrial Area, Mathura Road
City New Delhi
Postal code 110044
300 ## - PHYSICAL DESCRIPTION
Extent ix,235p. :
Dimensions 24cm(pbk)
Other physical details ill
500 ## - GENERAL NOTE
General note Includes reference and index
942 ## - ADDED ENTRY ELEMENTS (KOHA)
Source of classification or shelving scheme Dewey Decimal Classification
Item type English Books
Classification part 372.374
Call number suffix BEA
Holdings
Withdrawn status Lost status Not for loan Collection code Home library Current library Date acquired Source of acquisition Cost, normal purchase price Full call number Barcode Copy number Cost, replacement price Koha item type
    Not For Loan Non-fiction D.B.Act.Division D.B.Act.Division 13/02/2017 DBAD/PUB 795.00 372.374 BEA EN-100759 1 795.00 English Books

© Delhi Public Library
Hit Counter
free hit counter